|
000
|
00785oam2 2200253 450
|
|
001
|
2651
|
|
005
|
20081110095736.0
|
|
010
|
|
@a978-7-5019-6557-1@dCNY32.00
|
|
100
|
|
@a20081107d2008 em y0chiy0110 ea
|
|
101
|
0
|
@achi
|
|
102
|
|
@aCN@b110000
|
|
105
|
|
@aa z 000yy
|
|
106
|
|
@ar
|
|
200
|
1
|
@a葡萄酒品鉴百问百答@Apu tao jiu pin jian bai wen bai da@f孙志军著
|
|
210
|
|
@a北京@c中国轻工业出版社@d2008
|
|
215
|
|
@a137页@c图@d21cm
|
|
225
|
2
|
@a华文图景品酒馆
|
|
330
|
|
@a本书介绍了葡萄酒的起源、分类、酿造工艺、性质特点、饮用方法、选购方法、品鉴诀窍、收藏知识等内容。
|
|
461
|
0
|
@12001 @a华文图景品酒馆
|
|
606
|
0
|
@a葡萄酒@x品鉴@x问题解答
|
|
690
|
|
@aTS26@v4
|
|
701
|
0
|
@a孙志军@Asun zhi jun@4著
|
|
801
|
0
|
@aCN@b浙江省新华书店集团公司@c20081110
|
|
905
|
|
@dTS26@e41
|
|
|
|
|
| |
| 葡萄酒品鉴百问百答/孙志军著.-北京:中国轻工业出版社,2008 |
| 137页:图;21cm.-(华文图景品酒馆) |
| |
| |
| ISBN 978-7-5019-6557-1:CNY32.00 |
| 本书介绍了葡萄酒的起源、分类、酿造工艺、性质特点、饮用方法、选购方法、品鉴诀窍、收藏知识等内容。 |
| ● |
正题名:葡萄酒品鉴百问百答
索取号:TS26/41
 
预约/预借
| 序号
|
登录号
|
条形码
|
馆藏地/架位号
|
状态
|
备注
|
|
1
|
374365
|
300374365
|
海科密-1楼/27架11列7层/
[索取号:TS26/41]
|
在馆
|
|
|
2
|
374366
|
300374366
|
柳城-4楼/66架4列3层/
[索取号:TS26/41]
|
在馆
|
|
|
3
|
374367
|
300374367
|
柳城-4楼/66架4列3层/
[索取号:TS26/41]
|
在馆
|
|
|
4
|
374368
|
300374368
|
柳城-4楼/66架4列3层/
[索取号:TS26/41]
|
在馆
|
|
|
5
|
374369
|
300374369
|
海科密-1楼/27架11列7层/
[索取号:TS26/41]
|
在馆
|
|
|
6
|
374370
|
300374370
|
海科密-1楼/27架11列7层/
[索取号:TS26/41]
|
在馆
|
|
|
7
|
374371
|
300374371
|
海科密-1楼/27架11列7层/
[索取号:TS26/41]
|
在馆
|
|
|
8
|
374372
|
300374372
|
海科密-1楼/27架11列7层/
[索取号:TS26/41]
|
在馆
|
|
|
9
|
374373
|
300374373
|
海科密-1楼/27架11列7层/
[索取号:TS26/41]
|
在馆
|
|
|
10
|
374374
|
300374374
|
海科密-1楼/27架11列7层/
[索取号:TS26/41]
|
在馆
|
|
|
11
|
380416
|
300380416
|
海科密-1楼/27架11列7层/
[索取号:TS26/41]
|
在馆
|
|
|
12
|
380417
|
300380417
|
海科密-1楼/27架11列7层/
[索取号:TS26/41]
|
在馆
|
|
|
13
|
380418
|
300380418
|
海科密-1楼/27架11列7层/
[索取号:TS26/41]
|
在馆
|
|
|
14
|
380419
|
300380419
|
海科密-1楼/27架11列7层/
[索取号:TS26/41]
|
在馆
|
|
|
15
|
380420
|
300380420
|
海科密-1楼/27架11列7层/
[索取号:TS26/41]
|
在馆
|
|